000 00219nam a22000857a 4500
008 160816b xxu||||| |||| 00| 0 eng d
100 _9131
_aGupta R.G
245 _aMathematics-VIII
260 _aNew Delhi
_bAPC publication
_c2010
999 _c2786
_d2786